US (Record no. 3152)
[ view plain ]
| 000 -LEADER | |
|---|---|
| fixed length control field | 00844nam a2200145Ia 4500 |
| 008 - FIXED-LENGTH DATA ELEMENTS--GENERAL INFORMATION | |
| fixed length control field | 240429s9999||||xx |||||||||||||| ||und|| |
| 041 ## - LANGUAGE CODE | |
| Language code of text/sound track or separate title | eng |
| 082 ## - DEWEY DECIMAL CLASSIFICATION NUMBER | |
| Classification number | PM/PIF/12 |
| 100 ## - MAIN ENTRY--PERSONAL NAME | |
| Personal name | Parliament of Ghana |
| 245 #0 - TITLE STATEMENT | |
| Title | US |
| -- | 00,000,000 Subsidiary Agreement Between The Republic Of Ghana As Borrower Represented By The Minister For Finance And Economic Planning And China Development Bank Corporation As Lender In Relation To The SME Projects Incubation Facility Under The Tranche B Facility 2012 |
| 300 ## - PHYSICAL DESCRIPTION | |
| Extent | 19p:tabs |
| 650 ## - SUBJECT ADDED ENTRY--TOPICAL TERM | |
| Topical term or geographic name entry element | US |
| Real World Object URI | 00,000,000 Subsidiary Agreement Between The Republic Of Ghana As Borrower - Represented By The Minister For Finance And Economic Planning And China - Development Bank Corporation As Lender In Relation To The SME Projects Incubation - Facility Under The Tranche B Facility 2012 |
| 942 ## - ADDED ENTRY ELEMENTS (KOHA) | |
| Koha item type | Memorandum |
| Withdrawn status | Lost status | Damaged status | Not for loan | Home library | Current library | Shelving location | Date acquired | Total checkouts | Full call number | Date last seen | Copy number | Price effective from | Koha item type |
|---|---|---|---|---|---|---|---|---|---|---|---|---|---|
| Main Library | Main Library | Open Shelves | 06/06/2023 | PM/PIF/12 6027 | 29/04/2024 | 1 | 29/04/2024 | Memorandum |